| 000 | 00372nam a2200145Ia 4500 | ||
|---|---|---|---|
| 008 | 220610s9999 xx 000 0 und d | ||
| 020 | _a747532745 | ||
| 082 |
_a891.46 _bROW |
||
| 100 |
_aRowling J K _9129074 |
||
| 245 | _aHarry Potter | ||
| 245 | 8 | _band the Philosopher's stone | |
| 260 |
_aLondon` _bBloomsbury Publishers _c1997 |
||
| 300 |
_a223 P _bPB |
||
| 906 |
_a0 _bGB |
||
| 999 |
_c53231 _d53231 |
||